Normal view MARC view
  • Turner, Paul

Entry Personal Name

Number of records used in: 1

001 - CONTROL NUMBER

  • control field: 7132

003 - CONTROL NUMBER IDENTIFIER

  • control field: BD-DhIUB

005 - DATE AND TIME OF LATEST TRANSACTION

  • control field: 20260413103812.0

008 - FIXED-LENGTH DATA ELEMENTS

  • fixed length control field: 260413|| aca||aabn | a|a d

040 ## - CATALOGING SOURCE

  • Original cataloging agency: BD-DhIUB

100 ## - HEADING--PERSONAL NAME

  • Personal name: Turner, Paul